000 00524nam a2200181Ia 4500
003 GCL
008 140319s9999 xx 000 0 eng d
040 _aGCL /
_cGCL
082 0 4 _a618.92
_bI N
100 1 _aILLINGWORTH, RONALD S.
245 1 0 _aTHE NORMAL CHILD: SOME PROPLEMS OF THE EASLY YEARS AND THEIR TREATMENT /
_cILLINGWORTH, RONALD S.
260 _a[S.N] :
_bCHURCHILL LIVINGSTONE ،
_c1991
300 _a450 P
650 0 4 _aPEDIATRICS
650 0 4 _aCHILD - HEALTH
650 0 4 _aCHILD - CARE
942 _2ddc
_cBK
999 _c20451
_d20451